000 00476nam a2200181Ia 4500
001 1249
005 20260306140618.0
008 260306t2022||||xx |||||||||||||| ||spa||
041 _aESP
082 _a190
_bB15
100 _aBaehr, Jason,
_eAUT
245 0 _aPensar con profundidad :
_buna guía práctica para la educación en virtudes intelectuales
260 _c2022
300 _a321 páginas :
_c20 cm.
650 _aGEN
654 _aCHU
942 _cLIB
_dJUS
_fJUS
_2ddc
_n
999 _c1249
_d1249